000 00551nam a2200193Ia 4500
008 151119s9999||||xx |||||||||||||| ||und||
082 _a28.5
082 _bGKKV24854
100 _aघाणेकर मधुसूदन
245 _aरंगीत उंदीर
260 _a--
260 _b--
260 _c0
600 _aघाणेकर मधुसूदन
630 _aरंगीत उंदीर
700 _aघाणेकर मधुसूदन
730 _aरंगीत उंदीर
942 _cBOOK
999 _c1077415
_d1077412